Language Quiz

Random Language Quiz

Most Common PR Words Quiz Stats

 Plays Quiz not verified by Sporcle

Challenge
Share
Tweet
Embed
Score 0/30 Timer 06:00
0 Plays Today
RANK WORD % Correct
19PROVE
77.3%
7PRICE
75.9%
24PRESS
70.9%
10PRACTICE
56.7%
17PRESENT
54.6%
18PROFESSOR
54.6%
1PROBLEM
48.2%
2PROGRAM
48.2%
12PRIVATE
45.4%
15PREPARE
44.7%
9PRODUCE
44%
11PRODUCT
43.3%
22PREVENT
42.6%
6PROBABLY
41.8%
23PROFESSIONAL
40.4%
RANK WORD % Correct
4PRESIDENT
39.7%
13PROTECT
39.7%
16PRETTY
39.7%
14PRESSURE
38.3%
3PROVIDE
36.2%
5PROCESS
36.2%
20PRODUCTION
33.3%
21PROPERTY
32.6%
28PROTECTION
30.5%
29PROMOTE
28.4%
8PROJECT
26.2%
30PRINCIPLE
17.7%
25PRESENCE
17%
26PREVIOUS
14.9%
27PRISON
14.9%

You're not logged in!

Compare scores with friends on all Sporcle quizzes.
OR
Log In

You Might Also Like...

Show Comments

Extras

Created Jun 4, 2015ReportNominate
Tags:common

Top Quizzes Today


Score Distribution

Your Account Isn't Verified!

In order to create a playlist on Sporcle, you need to verify the email address you used during registration. Go to your Sporcle Settings to finish the process.

Report this User

Report this user for behavior that violates our Community Guidelines.

Details: